000 00509nam a22001817a 4500
003 CEME
005 20210628202817.0
008 210118b xxu||||| |||| 00| 0 eng d
020 _a9812-53-107-6
040 _c.
082 _a006.454 BEC
100 _aBecchetti, Claudio,Ricotti, Lucio Prina
_961742
245 _aSpeech recognition, theory and c++ implementation
260 _aNEW DELHI
_bJOHN WILEY
_c2004
300 _aXVI, 401 P
650 _aAUTOMATICS SPEECH RECOGNITION
_961743
942 _cBK
_2ddc
999 _c571089
_d571089